Fecundidad en la América Latina: perspectivas sociológicas

Gardado en:
Detalles Bibliográficos
Autor Principal: Stycos, J. Mayone (Author)
Formato: Libro
Idioma:Lingua castelá
Publicado: Ciudad de México Pax Mexico 1970
Edición:2a. ed
Subjects:
Tags: Engadir etiqueta
Sen Etiquetas, Sexa o primeiro en etiquetar este rexistro!

MARC

LEADER 00000nam a2200000 a 4500
001 UCT6132
003 CL-VaPUC
008 961230e19700000MX |||||||||||||||||spa|d
082 0 4 |a 304.666  |b STY  |2 21 
100 0 |a Stycos, J. Mayone  |e author  |9 375940 
245 1 0 |a Fecundidad en la América Latina: perspectivas sociológicas 
250 |a 2a. ed 
300 |a 328 p 
942 |c BK 
945 |d 19961230 00:00:00  |a nastorga 
260 |a Ciudad de México  |b Pax Mexico  |c 1970 
650 7 |a PLANIFICACION FAMILIAR  |2 CL-VaPUC  |9 309893 
650 0 |a Población  |9 257577 
650 7 |a CONTROL DE LA NATALIDAD  |2 CL-VaPUC  |9 308234 
650 0 |a Familias   |9 255641 
650 0 |a Investigación social   |9 307814 
650 7 |a OBISPOS  |2 CL-VaPUC  |9 375941 
650 0 |a Política  |9 255312 
650 0 |a Clases sociales  |9 256858 
650 0 |a Autoconcepto   |9 390612 
650 0 |a Catolicismo  |9 258690 
650 7 |a RELACIONES SEXUALES  |2 CL-VaPUC  |9 312685 
650 7 |a FECUNDIDAD HUMANA  |2 CL-VaPUC  |9 323010 
650 0 |a Cultura  |9 269059 
650 0 |a Empleo  |9 339124 
650 0 |a Educación  |9 258661 
650 0 |a Urbanización   |9 265706 
583 |a last modification  |c 19961230 00:00:00  |k Rodrigo Vera 
999 |c 254857  |d 254855 
952 |0 0  |1 0  |4 0  |6 304_666000000000000_STY_1970  |7 0  |8 A  |9 276793  |a BIBENE  |b BIBENE  |d 2019-11-19  |i 3264947  |o 304.666 STY 1970  |p 3264947  |r 2025-01-15  |w 2019-11-19  |y BK  |k ICO